Buttissimo : multivideoprints /

Bibliographic Details
Other Authors: Zett, Leonard (Photographer)
Format: Book
Language:English
Published: Simon's Town, South Africa : Janssen, [2001?]
Series:Zett, Leonard. Gay erotic art photography ; v. 2.
Subjects:

MARC

Tag First Indicator Second Indicator Subfields
LEADER 00000cam a2200000 a 4500
001 in00004598024
008 021104s2001 enka 000 0 eng
005 20221019211857.3
035 |a (OCoLC)ocm50941897  
040 |a UKM  |b eng  |c UKM  |d OCLCQ  |d BAKER  |d OCLCQ  |d VRC  |d BDX  |d OCLCF  |d OCLCQ  |d OCLCO  |d TXA 
015 |a GBA260813  |2 bnb 
020 |a 3925443916 
020 |a 9783925443916 
035 |a (OCoLC)50941897 
050 4 |a TR676  |b .Z47 2001 
082 0 4 |a 779.23  |2 21 
100 1 |a Zett, Leonard,  |e photographer. 
245 1 0 |a Buttissimo :  |b multivideoprints /  |c Leonard Zett. 
264 1 |a Simon's Town, South Africa :  |b Janssen,  |c [2001?] 
300 |a 64 pages :  |b all color illustrations ;  |c 22 cm. 
336 |a still image  |b sti  |2 rdacontent 
337 |a unmediated  |b n  |2 rdamedia 
338 |a volume  |b nc  |2 rdacarrier 
490 1 |a Gay erotic art photography ;  |v vol. 2 
500 |a Limited edition of one thousand copies. 
500 |a The Cushing Library/Women & Gender Studies copy was acquired as part of The Don Kelly Research Collection of Gay Literature and Culture.  |5 TXA 
650 0 |a Buttocks  |v Pictorial works. 
650 0 |a Gay erotic photography. 
650 0 |a Photography of men. 
650 0 |a Photography of the nude. 
650 6 |a Fesses  |v Ouvrages illustrés. 
650 6 |a Photographie érotique homosexuelle. 
650 6 |a Photographie d'hommes. 
650 6 |a Photographie de nus. 
650 7 |a Buttocks.  |2 fast  |0 (OCoLC)fst00843142 
650 7 |a Gay erotic photography.  |2 fast  |0 (OCoLC)fst01736060 
650 7 |a Photography of men.  |2 fast  |0 (OCoLC)fst01061922 
650 7 |a Photography of the nude.  |2 fast  |0 (OCoLC)fst01061951 
655 7 |a Pictorial works.  |2 fast  |0 (OCoLC)fst01423874 
800 1 |a Zett, Leonard.  |t Gay erotic art photography ;  |v v. 2. 
938 |a Baker & Taylor  |b BKTY  |c 44.95  |d 33.71  |i 3925443916  |n 0003772399  |s active 
938 |a Brodart  |b BROD  |n 57618127  |c $44.95 
029 1 |a AU@  |b 000024183979 
994 |a Z0  |b TXA 
948 |h HELD BY TXA - 4 OTHER HOLDINGS 
999 f f |s 06e80810-03de-44db-8926-b225ad59d7a5  |i a2042299-ef6d-4d45-b116-49ff1a5f6b7d  |t 0 
952 f f |p noncirc  |a Texas A&M University  |b College Station  |c Cushing Memorial Library & Archives  |d Cushing: Women & Gender Studies (Does not check out)  |t 0  |e TR676 .Z47 2001  |h Library of Congress classification  |i unmediated -- volume  |m A1485293898O 
998 f f |a TR676 .Z47 2001  |t 0  |l Cushing: Women & Gender Studies (Does not check out)